000
00287nam a22001337a 4500
003
SGT
082
_a
615.19
_b
ALA
100
_a
ALAGARSAMY, V.
245
_a
TEXTBOOK OF MEDICINAL CHEMISTRY VOL-1
250
_a
3RD
260
_a
DELHI
_b
CBS
_c
2020
300
_a
614
942
_2
ddc
_c
BK
_0
2
999
_c
22280
_d
22280